Paesi che utilizzano il dollaro - Statistics

Statistiche generali
  • Questo quiz è stato fatto 54 volte
  • Il punteggio medio è 19 su 35
Risposte nella Mappa
Le risposte nella mappa del quiz sottostante sono codificate secondo una scala di colori dal rosso al verde in base alla % di persone che hanno risposto correttamente.
 
Statistiche sulle risposte
Risposte % Corretto
Canada
100%
Stati Uniti
100%
Australia
91%
Nuova Zelanda
89%
Bahamas
73%
Panamá
67%
Saint Kitts e Nevis
64%
Belize
62%
Giamaica
62%
Saint Lucia
62%
Trinidad e Tobago
62%
Antigua e Barbuda
60%
Palau
60%
Barbados
58%
El Salvador
58%
Figi
58%
Kiribati
58%
Saint Vincent e Grenadine
58%
Dominica
53%
Micronesia
53%
Tuvalu
53%
Grenada
51%
Nauru
49%
Isole Marshall
44%
Isole Salomone
44%
Suriname
42%
Singapore
40%
Ecuador
36%
Guyana
36%
Taiwan
29%
Timor Est
27%
Brunei
24%
Zimbabwe
20%
Liberia
18%
Namibia
16%
Nessun quiz corrispondente trovato
Distribuzione punteggi
Percentuale di utenti per punteggio
Percentile per numero di risposta
I tuoi punteggi nel tempo
Non hai fatto questo quiz